00514nam a2200157 i 4500001000700000003000900007005001700016007000300033008004100036100004400077245008700121260003300208300002000241500006100261852003400322100140ES-MaACL20250915063046.0t|050922s1986 sp ||||1| spa d1 aMartínez Val, José María, d1916-14aLos idiomas ante el Tribunal Constitucional / cpor José María Martínez Val. aValencia : b[s.n.], c1986. a3 h. ; c24 cm. aSeparata de : Revista General de Derecho, 1986, nº 504. aES-MaACLj2142-F-4 bR.114690